00509nam a22001697a 450000500170000001000150001702000260003203500140005803700090007208200110008110000190009224500450011125000060015626000320016227001170019430000280031120250923122239.0 aENG-144364 a9789349015821c595.00 aEN-127896 bDBAD a33121 aNeharikka Viij aInternational Trade Law/cNeharikka Viij a1 aHaryanab Lexis Nexisc2025 a14th Floor, Building No. 10, Tower-B, DLF Cyber City, Phase-II, GurgaonbHaryanae122002mhelp.in@lexisnexis.com axxviii, 289p.c24cm(pb)